000
00355nam a2200145Ia 4500
008
231129s1985||||xx |||||||||||||| ||spa||
020
_a
84-7634-097-4
040
_b
spa
082
_a
808.3876 A832s
100
_a
Asimov Isaac
245
0
_a
El sol desnudo
260
_c
1985
264
_a
Orbis
942
_2
ddc
_c
BKS
999
_c
12462
_d
12462